| 000 | 02722nam a2200289Ia 4500 | ||
|---|---|---|---|
| 005 | 20250223033104.0 | ||
| 008 | 231030s9999 xx 000 0 und d | ||
| 049 | _aإيداع | ||
| 082 | _a320 | ||
| 097 | _aPh.D | ||
| 099 | _aCai01.03.04.Ph.D.2023.إن.ر | ||
| 100 | _aإنجى وحيد فخرى الأقصرى، | ||
| 245 |
_aرؤى التيارات الفكرية في إسرائيل لقضية يهودية الدولة. _cإعداد إنجى وحيد فخرى الأقصرى ؛ إشراف ماجدة على صالح. |
||
| 246 | _aIsrael’s intellectual currents visions of the jewish state cause. | ||
| 260 | _c2023. | ||
| 502 | _aأطروحة (دكتواره)-جامعة القاهرة، 2023. | ||
| 504 | _aببليوجرافيا: ص. 216-248. | ||
| 520 | _aسعت الدراسة إلى بيان رؤى كلا من تيار الصهيونية الجديدة وما بعد الصهيونية والفلسطينيين بالداخل الإسرائيلي تجاه قضية يهودية الدولة، أما التيار الأول فهو تيار الصهيونية الجديدة والذي يوصف بكونه تيار أصولي ديني متشدد يسعى إلى تهويد الدولة الإسرائيلية، بينما التيار الثاني فهو تيار ما بعد الصهيونية وهو تيار أكاديمي يسعى إلى أن تكون إسرائيل دولة ديمقراطية علمانية لجميع مواطنيها من اليهود والفلسطينيين، بينما التيار الثالث فهو تيار الفلسطينيين بالداخل الاسرائيلي والذي قدم العديد من الرؤى من بينها رؤية لجعل الدولة الإسرائيلية ديمقراطية خالصة يعيش فيها الفلسطينيين جنبًا إلى جنب مع اليهود، وقد توصلت الدراسة عدة نتائج أهمها وجود علاقة تبادلية بين قضية ”يهودية الدولة” و”الهوية” في إسرائيل، بمعنى أن أزمة الهوية في المجتمع الإسرائيلي قد أثرت على نمو الأفكار والمعتقدات الداعية لتهويد الدولة الإسرائيلية وأن ايديولوجية التهويد اثرت في نمو الافكار الداعية للديمقراطية على أساس المساواة في المواطنة. | ||
| 653 | _aالفكرية الإسرائيلية | ||
| 700 | _aماجدة على صالح | ||
| 856 | _uhttp://172.23.153.220/th.pdf | ||
| 905 | _aMohamady | ||
| 942 |
_cTH _2ddc |
||
| 999 |
_c163435 _d163435 |
||
| 336 |
_2rda content _atext |
||
| 337 |
_2rdamedia _aUnmediated |
||
| 338 |
_2rdacarrier _avolume |
||